003420000a22001090004500090001700000245003600017041001400053100003100067942001300098773010400111999001700215 aASbSeriadas10aNotas a la flora de Colombia, I0 aEspañol1 aCuatrecasas, José911935 cARTICULO1 tRevista de la Academia Colombiana de Ciencias Exactas, Físicas y Naturalesh11q247-250 d1940g3 c15483d15483